Statistiques concernant Formes de pâtes n°1

Cliquez ici pour prendre le quiz!

Statistiques générales

  • Ce quiz a été pris 1 090 fois
  • Le résultat moyen est 6 sur 15

Statistiques - réponses

Réponse% Correct
Spaghetti
97%
Penne
81%
Farfalle
78%
Coquillettes
73%
Macaroni
72%
Fusilli
50%
Tortellini
44%
Linguine
39%
Crozets
34%
Orecchiette
18%
Conchiglie
10%
Radiatori
6%
Trofie
5%
Bucatini
4%
Rotelle
2%

Distribution des résultats

Percentile par nombre de réponses

% des personnes avec chaque résultat

Votre développement - résultats

Vous n’avez pas pris ce quiz